Taylor Swift - Paroles Would've Could've Should've - Statistiques

Statistiques générales
  • Ce quiz a été pris 149 fois
    138 depuis la dernière actualisation
  • Le résultat moyen est 424 sur 500
Statistiques - réponses
Hint Réponse % Correct
a
100%
Refrain I
100%
I
100%
you
99%
at
98%
At
98%
the
98%
The
98%
who
98%
would've
98%
Would've,
98%
And
96%
and
96%
could've
96%
could've,
96%
Refrain And
96%
Couplet 2 | Couplet 3 If
96%
first
96%
Couplet 1 If
96%
if
96%
me
96%
me,
96%
my
96%
go,
94%
never
94%
Never
94%
nineteen
94%
should've
94%
devil
93%
in
93%
of
93%
was
93%
with
93%
it
92%
won't
92%
danced
91%
On
91%
on
91%
to
91%
All
90%
all
90%
Pré-refrain Ooh,
90%
soul,
89%
this
89%
time
89%
be
88%
do
88%
oh
88%
Oh,
88%
that
88%
then
88%
us
88%
Bridge God
87%
Outro God
87%
God
87%
I'm
87%
knees
86%
regret
86%
used
86%
grown
84%
grown,
84%
let
84%
miss
84%
now
84%
scared
84%
wish
84%
close,
83%
ghosts
83%
feel
82%
for
82%
left
82%
like
82%
Memories
82%
mine
82%
weapons
82%
wondering
82%
you'd
82%
back
81%
Give
81%
heaven
81%
Looked
81%
looked
81%
pain
80%
stayed
80%
rest
79%
die?
78%
know,
78%
way
78%
your
78%
can't
77%
girlhood,
77%
away
74%
damn
73%
did
73%
fight
73%
glance
73%
matter
73%
why
73%
pray
72%
tomb
72%
hurts
71%
sleep
71%
hands?
70%
keep
70%
mind
70%
thrill
70%
got
69%
sure
69%
I'd
68%
wash
68%
where
68%
Living
67%
is
66%
sign
64%
hitting
63%
waiting
63%
child,
62%
death,
62%
Gone
62%
gone
62%
wound
62%
Years
62%
down
61%
out
61%
clarity's
59%
touched
59%
You're
59%
as
58%
man?
58%
tearing
58%
truth
58%
God's
57%
honest
57%
tasted
57%
glass
56%
important
56%
played
56%
chance
54%
made
54%
from
53%
poison,
53%
crisis
52%
only
52%
some
52%
they
52%
blinked
51%
our
51%
promising
51%
windows
51%
banners,
50%
But,
50%
erase
50%
faith
50%
stained
50%
tried
50%
whispered
49%
about
48%
Spit
48%
boredom
47%
safe
47%
along
46%
saved
46%
blushed,
42%
Lord,
41%
righteous
39%
paint,
38%
splatter
36%
Aucun quiz correspondant
Distribution des résultats
% des personnes avec chaque résultat
Percentile par nombre de réponses
Votre historique - résultats
Vous n’avez pas pris ce quiz depuis la dernière actualisation